Nad Statistickou ročenkou
Recenzia Štatistickej ročenky Českej republiky, ktorá vyšla r.1994 ako druhý zväzok v novej rade štatistických ročeniek ČR. Analýza jednotlivých kapitol ročenky. Zmeny v koncepcii a v obsahu ročenky, ku ktorým dochádza v českej štatistike pri prechode k trhovej ekonomike.
Guardado en:
| Autor principal: | |
|---|---|
| Formato: | Capítulo de libro |
| Lenguaje: | checo |
| Materias: | |
| Etiquetas: |
Sin Etiquetas, Sea el primero en etiquetar este registro!
|
MARC
| LEADER | 00000naa a2200000 4500 | ||
|---|---|---|---|
| 001 | r016666 | ||
| 005 | 20221208131134.8 | ||
| 041 | 0 | |a cze | |
| 044 | |a CZ | ||
| 245 | 1 | 0 | |a Nad Statistickou ročenkou |c V. Nachtigal |
| 520 | |a Recenzia Štatistickej ročenky Českej republiky, ktorá vyšla r.1994 ako druhý zväzok v novej rade štatistických ročeniek ČR. Analýza jednotlivých kapitol ročenky. Zmeny v koncepcii a v obsahu ročenky, ku ktorým dochádza v českej štatistike pri prechode k trhovej ekonomike. | ||
| 610 | 2 | 0 | |a recenzie |
| 610 | 2 | 0 | |a Česko |
| 610 | 2 | 0 | |a 1994 |
| 610 | 2 | 0 | |a štatistika |
| 610 | 2 | 0 | |a koncepcie |
| 610 | 2 | 0 | |a ukazovatele štatistické |
| 100 | 1 | |a Nachtigal, V. | |